00401nam a2200157Ia 4500003000400000008004100004040001600045082001800061100002000079245004800099300001100147490002700158650002800185650001500213650001500228GCL140319s9999 xx 000 0 ara d aGCL / cGCL04a813.03bح ر1 aحسن محسب10aرغبات ملتهبه / cحسن محسب a125 ص aكتاب اليومv004aالادب العربى04aالادب04aالقصة